Insurance for construction and engineering contracts: conference proceedings June 1981 (Record no. 96565)

MARC details
000 -LEADER
fixed length control field 00499ca a2200181 4500
001 - CONTROL NUMBER
control field D5986
008 - FIXED-LENGTH DATA ELEMENTS--GENERAL INFORMATION
fixed length control field 090401t1981 xxu||||| |||| 00| 0 eng d
035 ## - SYSTEM CONTROL NUMBER
System control number (Sirsi) u79813
041 ## - LANGUAGE CODE
Language code of text/sound track or separate title eng
050 ## - LIBRARY OF CONGRESS CALL NUMBER
Classification number 368.56
100 ## - MAIN ENTRY--PERSONAL NAME
Personal name Cyriax, G.R (ed)
245 ## - TITLE STATEMENT
Title Insurance for construction and engineering contracts: conference proceedings June 1981
260 ## - PUBLICATION, DISTRIBUTION, ETC.
Place of publication, distribution, etc. Aldershot, Hants
Name of publisher, distributor, etc. Gower Publishing Company Ltd
Date of publication, distribution, etc. 1981
300 ## - PHYSICAL DESCRIPTION
Extent 138p. 29cm
350 ## - PRICE (NR) (BK AM CF MU VM SE) [OBSOLETE]
Price 27.95
942 ## - ADDED ENTRY ELEMENTS (KOHA)
Suppress in OPAC 0
948 ## - LOCAL PROCESSING INFORMATION (OCLC); SERIES PART DESIGNATOR (RLIN)
c (OCLC) 04/03/1997
Holdings
Withdrawn status Lost status Source of classification or shelving scheme Damaged status Not for loan Home library Current library Shelving location Date acquired Cost, normal purchase price Total Checkouts Full call number Barcode Date last seen Date last checked out Copy number Cost, replacement price Price effective from Koha item type
    Dewey Decimal Classification     London London Basement 14/09/1999 27.95 1 BASEMENT 30003903 06/08/2019 11/04/2003 1 27.95 06/08/2019 Book